Der Kreis : eine Monatsschrift = Le Cercle : revue mensuelle

Guardat en:
Dades bibliogràfiques
Format: Llibre
Idioma:anglès
Accés en línia:https://www.e-periodica.ch/digbib/volumes?UID=kre-003
Etiquetes: Afegir etiqueta
Sense etiquetes, Sigues el primer a etiquetar aquest registre!

MARC

LEADER 00000nam a2200000 4500
005 20250519123139.0
008 250214b |||||||| |||| 00| 0 eng d
040 |c Arcigay Genova 
245 |a Der Kreis : eine Monatsschrift = Le Cercle : revue mensuelle 
500 |a «Der Kreis» era una rivista per uomini gay trilingue apprezzata a livello internazionale pubblicata a Zurigo dal 1943 al 1967. Le riviste immediatamente precedenti erano state «Schweizerisches Freundschafts-Banner» (1932-1936) e «Menschenrecht» (1937-1942). 
856 |u https://www.e-periodica.ch/digbib/volumes?UID=kre-003  |y https://www.e-periodica.ch/digbib/volumes?UID=kre-003 
942 |2 ddc  |c CR  |n 0 
999 |c 2510  |d 2510